[Event "Niederbayernliga 1314"]
[Site "Bayern"]
[Date "2013.??.??"]
[Round "1"]
[White "Huwa, Walter"]
[Black "Mauritz, Guenther"]
[Result "0-1"]
[WhiteElo "2046"]
[BlackElo "1848"]
[PlyCount "68"]
[EventDate "2013.10.13"]
[EventType "team-tourn"]
[EventRounds "9"]
[EventCountry "GER"]
[SourceTitle "EXT 2023"]
[Source "ChessBase"]
[SourceDate "2022.10.05"]
[SourceVersion "1"]
[SourceVersionDate "2022.10.05"]
[SourceQuality "1"]
[WhiteTeam "Straubing SC"]
[BlackTeam "Aidenbach"]
[WhiteTeamCountry "GER"]
[BlackTeamCountry "GER"]

1. e4 e5 2. Nf3 Nc6 3. Bb5 a6 4. Ba4 Nf6 5. d3 b5 6. Bb3 h6 7. a4 Rb8 8. axb5 axb5 9. Nc3 Bb4 10. 0-0 Bxc3 11. bxc3 0-0 12. Re1 d6 13. h3 Re8 14. Nh2 Ne7 15. Qf3 Ng6 16. Ng4 Bxg4 17. hxg4 Nh4 18. Qe2 Nh7 19. g3 Ng6 20. Be3 Ra8 21. Bd5 Rxa1 22. Rxa1 Ne7 23. Bb3 Rf8 24. d4 Qe8 25. dxe5 Nc8 26. exd6 cxd6 27. Bd4 Ng5 28. f3 Kh8 29. Kg2 f5 30. gxf5 Rxf5 31. Qe3 Rxf3 32. Qxg5 Rf6 33. Bxf6 Qxe4+ 34. Kf2 hxg5 0-1

[Event "Niederbayernliga 1213"]
[Site "Bayern"]
[Date "2013.??.??"]
[Round "7"]
[White "Wolf, Andreas2222"]
[Black "Huwa, Walter"]
[Result "1/2-1/2"]
[WhiteElo "1897"]
[BlackElo "2046"]
[PlyCount "108"]
[EventDate "2012.10.14"]
[EventType "team-tourn"]
[EventRounds "9"]
[EventCountry "GER"]
[SourceTitle "EXT 2023"]
[Source "ChessBase"]
[SourceDate "2022.10.05"]
[SourceVersion "1"]
[SourceVersionDate "2022.10.05"]
[SourceQuality "1"]
[WhiteTeam "Grafenau"]
[BlackTeam "Straubing SC"]
[WhiteTeamCountry "GER"]
[BlackTeamCountry "GER"]

1. c4 Nf6 2. Nc3 g6 3. e4 d6 4. d4 Bg7 5. Be2 0-0 6. Bg5 Nbd7 7. f3 c6 8. Nh3 e5 9. d5 h6 10. Be3 Qe7 11. Nf2 a6 12. Qd2 Kh7 13. Rd1 c5 14. 0-0 Ng8 15. g4 Bf6 16. Nh1 Bg5 17. Ng3 Rb8 18. Kg2 Bxe3 19. Qxe3 Qh4 20. Rh1 Kg7 21. Qf2 Kh8 22. Qe3 Ngf6 23. a4 Nh7 24. h3 b6 25. Rdg1 Bb7 26. Bd3 Rbe8 27. Nf1 Ndf6 28. Qf2 Qxf2+ 29. Kxf2 Bc8 30. Ne3 Bd7 31. h4 Rb8 32. Ra1 Ne8 33. Kg3 Nc7 34. Rh2 Nf6 35. Kf2 Kg7 36. Kg3 Rb7 37. Rf2 Ng8 38. Rh2 Ne7 39. Rf2 Ng8 40. Rh2 f6 41. h5 g5 42. Nf5+ Bxf5 43. exf5 Kf7 44. Ra3 Ke7 45. Rh1 Rd8 46. Rha1 Kf7 47. Kf2 Ne7 48. Ke3 Rdb8 49. Rb3 Nc8 50. Kd2 Ke7 51. Kc2 Kf8 52. Ra2 Na7 53. Be2 Ke7 54. Bd3 Kf8 1/2-1/2

[Event "Regionalliga SO 1011"]
[Site "Bayern"]
[Date "2011.04.10"]
[Round "9.1"]
[White "Deues, Erik"]
[Black "Huwa, Walter"]
[Result "1/2-1/2"]
[WhiteElo "1942"]
[BlackElo "2106"]
[PlyCount "50"]
[EventDate "2010.10.10"]
[EventType "team-tourn"]
[EventRounds "9"]
[EventCountry "GER"]
[SourceTitle "EXT 2012"]
[Source "ChessBase"]
[SourceDate "2011.11.24"]
[SourceVersion "1"]
[SourceVersionDate "2011.11.24"]
[SourceQuality "1"]
[WhiteTeam "Unterpfaff Germering"]
[BlackTeam "Straubing"]
[WhiteTeamCountry "GER"]
[BlackTeamCountry "GER"]

1. d4 Nf6 2. c4 g6 3. Nc3 Bg7 4. e4 d6 5. Be2 0-0 6. f4 c5 7. d5 e6 8. Nf3 exd5 9. cxd5 b5 10. e5 dxe5 11. fxe5 Ng4 12. Bf4 Nd7 13. 0-0 Ndxe5 14. Nxe5 Nxe5 15. Bxb5 Bd7 16. a4 a6 17. Be2 Qb6 18. Qd2 Qb4 19. Be3 Nc4 20. Bxc4 Qxc4 21. Rf4 Qb3 22. Rf3 Rac8 23. Raf1 f5 24. Kh1 Qb6 25. Re1 Rfe8 1/2-1/2

[Event "Regionalliga SO 1011"]
[Site "Bayern"]
[Date "2010.11.14"]
[Round "3.1"]
[White "Fogarasi, Tibor"]
[Black "Huwa, Walter"]
[Result "1-0"]
[WhiteElo "2407"]
[BlackElo "2106"]
[PlyCount "143"]
[EventDate "2010.10.10"]
[EventType "team-tourn"]
[EventRounds "9"]
[EventCountry "GER"]
[SourceTitle "EXT 2012"]
[Source "ChessBase"]
[SourceDate "2011.11.24"]
[SourceVersion "1"]
[SourceVersionDate "2011.11.24"]
[SourceQuality "1"]
[WhiteTeam "Trostberg"]
[BlackTeam "Straubing"]
[WhiteTeamCountry "GER"]
[BlackTeamCountry "GER"]

1. e4 c5 2. Nf3 d6 3. d4 cxd4 4. Nxd4 a6 5. c4 Nf6 6. Nc3 e6 7. Bd3 Nc6 8. Be3 Be7 9. 0-0 0-0 10. h3 Nxd4 11. Bxd4 e5 12. Be3 Be6 13. Qd2 Rc8 14. Nd5 Bxd5 15. cxd5 Qd7 16. a4 Nh5 17. a5 h6 18. Be2 Nf6 19. Qd3 h5 20. b4 Ra8 21. Rfb1 Rfc8 22. b5 axb5 23. Rxb5 Bd8 24. Qb1 Rc7 25. Bb6 Rcc8 26. Qb4 Bc7 27. Be3 Qd8 28. Bg5 Rcb8 29. Bxh5 Ra7 30. Bf3 Rba8 31. Rxb7 Rxa5 32. Rc1 Ra1 33. Qc3 Rxc1+ 34. Qxc1 Ba5 35. Bg4 Rb8 36. Rxb8 Qxb8 37. Bf3 Qc7 38. Qxc7 Bxc7 39. Be3 Nd7 40. Kf1 Bb6 41. Bg5 Kf8 42. Bd1 Nf6 43. Bc2 Bc5 44. Ke2 Nd7 45. Ba4 Nf6 46. Kf3 Bb6 47. Bd2 Bc5 48. Bc2 Ng8 49. g3 g6 50. Ke2 Ke7 51. f4 f6 52. f5 g5 53. Kf3 Kf7 54. h4 gxh4 55. gxh4 Kg7 56. Ba4 Nh6 57. Be8 Ba3 58. Bh5 Ng8 59. Ke2 Bc5 60. Be1 Kf8 61. Kd3 Ke7 62. Kc4 Be3 63. Kb5 Kd7 64. Bf7 Nh6 65. Be6+ Kc7 66. Ba5+ Kb7 67. Bb4 Kc7 68. Kc4 Bc1 69. Kd3 Bf4 70. Ke2 Bc1 71. Kf3 Bf4 72. Ba5+ 1-0

[Event "Regionalliga SO 1011"]
[Site "Bayern"]
[Date "2010.10.24"]
[Round "2.1"]
[White "Huwa, Walter"]
[Black "Krstic, Petar"]
[Result "0-1"]
[WhiteElo "2106"]
[BlackElo "2282"]
[PlyCount "78"]
[EventDate "2010.10.10"]
[EventType "team-tourn"]
[EventRounds "9"]
[EventCountry "GER"]
[SourceTitle "EXT 2012"]
[Source "ChessBase"]
[SourceDate "2011.11.24"]
[SourceVersion "1"]
[SourceVersionDate "2011.11.24"]
[SourceQuality "1"]
[WhiteTeam "Straubing"]
[BlackTeam "Deggendorf"]
[WhiteTeamCountry "GER"]
[BlackTeamCountry "GER"]

1. Nf3 Nf6 2. g3 d5 3. Bg2 c6 4. d3 g6 5. Nbd2 Bg7 6. e4 dxe4 7. dxe4 Nfd7 8. 0-0 c5 9. a4 Nc6 10. Nc4 0-0 11. Bf4 Nf6 12. Nfe5 Nxe5 13. Bxe5 Be6 14. Qe2 Qc8 15. Rfd1 Bg4 16. f3 Be6 17. Bf1 h5 18. Bf4 Nd7 19. c3 Re8 20. Qc2 b6 21. Rd2 Nb8 22. Ne3 Nc6 23. Nd5 Be5 24. Bg5 f6 25. Be3 Bf7 26. f4 Bb8 27. Rad1 Kg7 28. Bf2 h4 29. Bg2 hxg3 30. Bxg3 e5 31. Bh4 exf4 32. Bxf6+ Kf8 33. Rf2 Qg4 34. Rdf1 g5 35. e5 Kg8 36. Nxf4 Bxe5 37. Ng6 Bxf6 38. Rxf6 Re2 39. R1f2 Rxc2 0-1

[Event "Niederbayernliga 0910"]
[Site "Germany"]
[Date "2009.11.29"]
[Round "3.1"]
[White "Huwa, Walter"]
[Black "Popp, Michael"]
[Result "1/2-1/2"]
[WhiteElo "2114"]
[BlackElo "2005"]
[PlyCount "54"]
[EventDate "2009.10.18"]
[EventType "team-tourn"]
[EventRounds "9"]
[EventCountry "GER"]
[SourceTitle "EXT 2011"]
[Source "ChessBase"]
[SourceDate "2010.11.26"]
[SourceVersion "1"]
[SourceVersionDate "2010.11.26"]
[SourceQuality "1"]
[WhiteTeam "Straubing"]
[BlackTeam "Geiselhoering"]
[WhiteTeamCountry "GER"]
[BlackTeamCountry "GER"]

1. e4 c5 2. Nf3 Nc6 3. d4 cxd4 4. Nxd4 g6 5. Nc3 Bg7 6. Be3 Nf6 7. Bc4 d6 8. f3 a6 9. Qd2 Nxd4 10. Bxd4 Be6 11. Bxe6 fxe6 12. 0-0-0 Qa5 13. Rhe1 e5 14. Be3 b5 15. Kb1 Rc8 16. Bg5 0-0 17. Nd5 Qxd2 18. Rxd2 Nxd5 19. Rxd5 Kf7 20. a4 Rb8 21. axb5 axb5 22. Re3 Rb7 23. Ra3 Rfb8 24. Be3 Ke6 25. Ra6 Kd7 26. Rd3 Bf8 27. Rda3 e6 1/2-1/2

[Event "Niederbayernliga 0910"]
[Site "Germany"]
[Date "2009.10.18"]
[Round "1.1"]
[White "Huwa, Walter"]
[Black "Riemelmoser, Franz"]
[Result "1/2-1/2"]
[WhiteElo "2114"]
[BlackElo "2278"]
[PlyCount "230"]
[EventDate "2009.10.18"]
[EventType "team-tourn"]
[EventRounds "9"]
[EventCountry "GER"]
[SourceTitle "EXT 2011"]
[Source "ChessBase"]
[SourceDate "2010.11.26"]
[SourceVersion "1"]
[SourceVersionDate "2010.11.26"]
[SourceQuality "1"]
[WhiteTeam "Straubing"]
[BlackTeam "Simbach"]
[WhiteTeamCountry "GER"]
[BlackTeamCountry "GER"]

1. e4 e6 2. d4 d5 3. e5 c5 4. c3 Nc6 5. Nf3 Bd7 6. a3 f6 7. Bd3 Qc7 8. 0-0 fxe5 9. Nxe5 Nf6 10. Nxc6 bxc6 11. Bg5 c4 12. Bc2 0-0-0 13. Nd2 Bd6 14. Nf3 Rdf8 15. Qe2 Ng4 16. h3 h6 17. Bh4 Nh2 18. Nxh2 Bxh2+ 19. Kh1 g5 20. Bg3 Bxg3 21. fxg3 Qxg3 22. Rxf8+ Rxf8 23. Rf1 Rf4 24. Bg6 Kd8 25. Kg1 Ke7 26. Rxf4 Qxf4 27. Qh5 Qh4 28. Qf3 Qf4 29. Qh5 Qf8 30. h4 Kf6 31. Qf3+ Kg7 32. Qxf8+ Kxf8 33. hxg5 hxg5 34. Kf2 Kg7 35. Bc2 Kf6 36. Ke3 e5 37. g3 Ke6 38. Bg6 Kd6 39. Bc2 Bg4 40. Bg6 c5 41. Bc2 cxd4+ 42. cxd4 e4 43. Kd2 Bh3 44. Ba4 Bd7 45. Bd1 Ke6 46. Ke3 Kf5 47. Kf2 Kg6 48. Ke3 Bh3 49. Kf2 Kf5 50. Bh5 Ke6 51. Bd1 Kd6 52. Ke3 Bf1 53. Bh5 Ke6 54. Bg4+ Kf6 55. Kf2 Bd3 56. Ke3 Bc2 57. Bd7 Bb3 58. Kf2 Ke7 59. Bg4 Kd6 60. Ke3 Kc6 61. Kd2 Kb5 62. Bd7+ Kb6 63. Bg4 Ba4 64. Be6 Bc6 65. Bg4 Ka5 66. Bh5 Bb5 67. Bd1 Ba4 68. Bg4 Bb3 69. Bd7 Kb6 70. Bg4 Kc6 71. Bh5 Kd6 72. Bg4 Ke7 73. Ke3 c3 74. bxc3 Kd6 75. Bh5 Kd7 76. Bg6 Bc4 77. Bh5 Kd6 78. Kd2 Kc6 79. Be8+ Kb6 80. Bd7 Bb5 81. Be6 Kc6 82. Bf7 Kd6 83. Ke3 Bc4 84. Kd2 Ke7 85. Bh5 Bb5 86. Ke3 Ba4 87. c4 dxc4 88. Kxe4 c3 89. Kd3 c2 90. Kd2 Kd6 91. Bf3 Bb3 92. Be4 c1R 93. Kxc1 Bd5 94. Bf5 Ba2 95. Kd2 Kd5 96. Ke3 Bb3 97. Be4+ Kd6 98. Kd3 Ba2 99. Kc3 a5 100. Bc2 Bd5 101. Ba4 Be4 102. Bb5 Bd5 103. Bc4 Bc6 104. Kd3 Bg2 105. Bg8 Bc6 106. Bh7 Bd5 107. Be4 Bg8 108. Ke3 Be6 109. Bc2 Bd5 110. Be4 Be6 111. Bc2 Bf7 112. Be4 Bg8 113. Bc2 Bd5 114. Be4 Be6 115. Bc2 Bd5 1/2-1/2

[Event "Niederbayernliga 0809"]
[Site "Germany"]
[Date "2008.12.14"]
[Round "4.1"]
[White "Huwa, Walter"]
[Black "Palmi, Herbert"]
[Result "1-0"]
[WhiteElo "2125"]
[BlackElo "2017"]
[PlyCount "87"]
[EventDate "2008.10.05"]
[EventType "team-tourn"]
[EventRounds "9"]
[EventCountry "GER"]
[SourceTitle "EXT 2010"]
[Source "ChessBase"]
[SourceDate "2010.11.25"]
[SourceVersion "1"]
[SourceVersionDate "2010.11.25"]
[SourceQuality "1"]
[WhiteTeam "Straubing"]
[BlackTeam "Bayerwald"]
[WhiteTeamCountry "GER"]
[BlackTeamCountry "GER"]

1. e4 c5 2. Nf3 e6 3. d4 cxd4 4. Nxd4 a6 5. Bd3 b5 6. 0-0 Bb7 7. a4 b4 8. Nd2 Nc6 9. Nxc6 dxc6 10. Nc4 Qc7 11. Be3 c5 12. e5 Bd5 13. Qe2 Qc6 14. f3 Bxc4 15. Bxc4 Ne7 16. Rad1 Nd5 17. Qd3 Nxe3 18. Qxe3 Be7 19. b3 0-0 20. Qe2 Rfd8 21. Rxd8+ Bxd8 22. Rd1 Bc7 23. f4 g6 24. Kf2 Kg7 25. Qf3 Qxf3+ 26. Kxf3 Ra7 27. Rd7 Kf8 28. Bxa6 Bb6 29. Rxa7 Bxa7 30. Ke4 Ke7 31. Kd3 f6 32. Kc4 fxe5 33. fxe5 Kd7 34. Bb5+ Kc7 35. a5 Kc8 36. h3 Kc7 37. Be8 Kd8 38. Bc6 Kc7 39. Bf3 h6 40. Kb5 g5 41. Bg4 Kd7 42. Ka6 Bb8 43. Kb7 Bxe5 44. a6 1-0

[Event "Niederbayernliga 0809"]
[Site "Germany"]
[Date "2008.11.30"]
[Round "3.1"]
[White "Popp, Michael"]
[Black "Huwa, Walter"]
[Result "1-0"]
[WhiteElo "1991"]
[BlackElo "2125"]
[PlyCount "85"]
[EventDate "2008.10.05"]
[EventType "team-tourn"]
[EventRounds "9"]
[EventCountry "GER"]
[SourceTitle "EXT 2010"]
[Source "ChessBase"]
[SourceDate "2010.11.25"]
[SourceVersion "1"]
[SourceVersionDate "2010.11.25"]
[SourceQuality "1"]
[WhiteTeam "Geiselhoering"]
[BlackTeam "Straubing"]
[WhiteTeamCountry "GER"]
[BlackTeamCountry "GER"]

1. d4 Nf6 2. Nf3 g6 3. c4 Bg7 4. Nc3 d6 5. e4 0-0 6. Be2 e5 7. 0-0 Nc6 8. d5 Ne7 9. a4 a5 10. Ra3 Nh5 11. h3 Nf4 12. Bxf4 exf4 13. Qd2 Bh6 14. Re1 g5 15. Nd4 Bg7 16. Bg4 Ng6 17. Bxc8 Rxc8 18. f3 Nh4 19. Nce2 Ra8 20. b4 axb4 21. Qxb4 b6 22. Rea1 h5 23. Qd2 Qf6 24. a5 bxa5 25. Rxa5 Rxa5 26. Rxa5 Rb8 27. Nb5 Ng6 28. Ned4 g4 29. Nf5 Qg5 30. Kf1 gxf3 31. gxf3 Ne5 32. Qe2 h4 33. Ra2 Qh5 34. Qg2 Qxf3+ 35. Qxf3 Nxf3 36. Rg2 Ne5 37. Rxg7+ Kf8 38. Rh7 Kg8 39. Rxh4 Nxc4 40. Nxc7 Nd2+ 41. Ke2 Nxe4 42. Rg4+ Kh7 43. Rxf4 1-0

[Event "Niederbayernliga 0708"]
[Site "Germany"]
[Date "2007.12.09"]
[Round "4.1"]
[White "Huwa, Walter"]
[Black "Riemelmoser, Franz"]
[Result "1/2-1/2"]
[WhiteElo "2157"]
[BlackElo "2250"]
[PlyCount "59"]
[EventDate "2007.10.21"]
[EventType "team"]
[EventRounds "9"]
[EventCountry "GER"]
[SourceTitle "EXT 2009"]
[Source "ChessBase"]
[SourceDate "2008.11.26"]
[SourceVersion "1"]
[SourceVersionDate "2008.11.26"]
[SourceQuality "1"]
[WhiteTeam "Straubing"]
[BlackTeam "Simbach"]
[WhiteTeamCountry "GER"]
[BlackTeamCountry "GER"]

1. e4 e6 2. d4 d5 3. e5 c5 4. c3 Qb6 5. Nf3 Nc6 6. a3 Nh6 7. b4 cxb4 8. cxb4 Nf5 9. Bb2 Be7 10. Be2 f6 11. g4 Nh6 12. h3 0-0 13. 0-0 Bd7 14. Nc3 fxe5 15. dxe5 Nf7 16. b5 Na5 17. Na4 Qc7 18. Rc1 Nc4 19. Bxc4 dxc4 20. Nc3 Nxe5 21. Nxe5 Qxe5 22. Qxd7 Bd6 23. f4 Rxf4 24. Rxf4 Qe3+ 25. Rf2 Qg3+ 26. Rg2 Bc5+ 27. Kh1 Qxh3+ 28. Rh2 Qf3+ 29. Rg2 Qh3+ 30. Rh2 1/2-1/2

[Event "Regionalliga SO 0607"]
[Site "Bayern"]
[Date "2007.03.18"]
[Round "7.2"]
[White "Durakovic, Alman"]
[Black "Huwa, Walter"]
[Result "1/2-1/2"]
[WhiteElo "2120"]
[BlackElo "2139"]
[PlyCount "80"]
[EventDate "2006.10.15"]
[EventType "team-tourn"]
[EventRounds "9"]
[EventCountry "GER"]
[SourceTitle "EXT 2008"]
[Source "ChessBase"]
[SourceDate "2007.11.25"]
[SourceVersion "1"]
[SourceVersionDate "2007.11.25"]
[SourceQuality "1"]
[WhiteTeam "Trostberg"]
[BlackTeam "Straubing"]
[WhiteTeamCountry "GER"]
[BlackTeamCountry "GER"]

1. d4 Nf6 2. c4 g6 3. g3 Bg7 4. Bg2 0-0 5. Nc3 d6 6. Nf3 Nc6 7. 0-0 a6 8. h3 Rb8 9. e4 b5 10. e5 Ne8 11. cxb5 axb5 12. Bf4 Na5 13. Rc1 c6 14. Qe2 h6 15. g4 Be6 16. b3 d5 17. Ne1 Qb6 18. Nd3 Nc7 19. Be3 f5 20. Nf4 g5 21. Ng6 f4 22. Nxf8 Rxf8 23. Bd2 Qxd4 24. Nxb5 Nxb5 25. Bxa5 Qa7 26. Bc3 Nxc3 27. Rxc3 c5 28. Rfc1 c4 29. bxc4 dxc4 30. Qe4 Rd8 31. Qg6 Bf7 32. Qf5 Rd2 33. Rf1 Qa6 34. Be4 e6 35. Qh7+ Kf8 36. Rb1 Qa7 37. Rf3 Bg8 38. Qg6 Bf7 39. Qh7 Bg8 40. Qg6 Bf7 1/2-1/2

[Event "Regionalliga SO 0607"]
[Site "Bayern"]
[Date "2006.12.10"]
[Round "4.2"]
[White "Huwa, Walter"]
[Black "Lautner, Josef"]
[Result "1/2-1/2"]
[WhiteElo "2139"]
[BlackElo "2192"]
[PlyCount "90"]
[EventDate "2006.10.15"]
[EventType "team-tourn"]
[EventRounds "9"]
[EventCountry "GER"]
[SourceTitle "EXT 2008"]
[Source "ChessBase"]
[SourceDate "2007.11.25"]
[SourceVersion "1"]
[SourceVersionDate "2007.11.25"]
[SourceQuality "1"]
[WhiteTeam "Straubing"]
[BlackTeam "Passau II"]
[WhiteTeamCountry "GER"]
[BlackTeamCountry "GER"]

1. e4 d6 2. d4 Nf6 3. Nc3 c6 4. g3 Nbd7 5. Bg2 e5 6. Nf3 b5 7. 0-0 Be7 8. a3 a5 9. Nh4 0-0 10. Nf5 Nb6 11. Nxe7+ Qxe7 12. b3 Ba6 13. Re1 b4 14. Na4 Nxa4 15. bxa4 c5 16. c3 Rab8 17. axb4 axb4 18. Rb1 Bc4 19. cxb4 cxb4 20. Qd2 d5 21. exd5 e4 22. Qg5 Bxd5 23. Bf4 Rb6 24. Be5 Qb7 25. Rxb4 h6 26. Rxb6 Qxb6 27. Qd2 Ra8 28. Ra1 Bc4 29. Bxf6 Rxa4 30. Qe1 Rxa1 31. Qxa1 Qxf6 32. Bxe4 g6 33. Qc3 Qe6 34. Bf3 Kh7 35. Kg2 Qa6 36. Qe1 h5 37. h4 Qa3 38. d5 Qd3 39. Qe3 Qxe3 40. fxe3 Kg7 41. d6 Kf6 42. Bc6 Ke6 43. d7 Ke7 44. Kf3 Be6 45. Kf4 Bxd7 1/2-1/2

[Event "Niederbayernliga 0506"]
[Site "Germany"]
[Date "2005.??.??"]
[Round "2"]
[White "Simin, Vladimir"]
[Black "Huwa, Walter"]
[Result "0-1"]
[WhiteElo "1871"]
[BlackElo "2155"]
[PlyCount "53"]
[EventDate "2005.??.??"]
[EventType "team"]
[EventRounds "9"]
[EventCountry "GER"]
[SourceTitle "EXT 2008"]
[Source "ChessBase"]
[SourceDate "2007.11.25"]
[SourceVersion "1"]
[SourceVersionDate "2007.11.25"]
[SourceQuality "1"]
[WhiteTeam "Ergolding"]
[BlackTeam "Straubing"]
[WhiteTeamCountry "GER"]
[BlackTeamCountry "GER"]

1. d4 Nf6 2. c4 g6 3. Nc3 Bg7 4. e4 d6 5. f3 0-0 6. Bg5 Nc6 7. Qd2 a6 8. Nge2 Rb8 9. Nc1 e5 10. Nb3 exd4 11. Nxd4 Nxd4 12. Qxd4 h6 13. Bxf6 Bxf6 14. Qd2 Be6 15. Be2 Bg7 16. 0-0 Qg5 17. Qxg5 hxg5 18. Rfd1 Bxc3 19. bxc3 a5 20. a3 b6 21. Bd3 Kg7 22. h3 Rfe8 23. Kf2 Re7 24. g4 Rh8 25. Kg3 Bd7 26. Rd2 Rhe8 27. Raa2 0-1

[Event "Niederbayernliga 0304"]
[Site "Germany"]
[Date "2004.??.??"]
[Round "7"]
[White "Bielmeier, Ludwig"]
[Black "Huwa, Walter"]
[Result "1/2-1/2"]
[WhiteElo "1960"]
[BlackElo "2183"]
[PlyCount "63"]
[EventDate "2003.??.??"]
[EventType "team"]
[EventRounds "9"]
[EventCountry "GER"]
[SourceTitle "EXT 2008"]
[Source "ChessBase"]
[SourceDate "2007.11.25"]
[SourceVersion "1"]
[SourceVersionDate "2007.11.25"]
[SourceQuality "1"]
[WhiteTeam "Deggendorf"]
[BlackTeam "Straubing"]
[WhiteTeamCountry "GER"]
[BlackTeamCountry "GER"]

1. Nf3 Nf6 2. g3 g6 3. b4 Bg7 4. Bb2 d6 5. Bg2 0-0 6. 0-0 e5 7. d3 Nbd7 8. Na3 Re8 9. c4 a5 10. b5 Nc5 11. Rc1 Bf5 12. d4 exd4 13. Nxd4 Bd7 14. Re1 Qc8 15. Nb3 Bh3 16. Nxc5 Bxg2 17. Kxg2 dxc5 18. Rc2 Qf5 19. e3 Rad8 20. Qf3 Qxf3+ 21. Kxf3 Rd3 22. Nb1 Red8 23. Ke2 Ng4 24. Bxg7 Kxg7 25. h3 Nf6 26. Nc3 R3d6 27. Rb1 Kf8 28. Rb3 Ke7 29. Ra3 Ra8 30. Rb3 Rad8 31. Ra3 Ra8 32. Rb3 1/2-1/2

[Event "Niederbayernliga 0304"]
[Site "Germany"]
[Date "2004.??.??"]
[Round "6"]
[White "Huwa, Walter"]
[Black "Coduro, Otto"]
[Result "1-0"]
[WhiteElo "2183"]
[BlackElo "2015"]
[PlyCount "73"]
[EventDate "2003.??.??"]
[EventType "team"]
[EventRounds "9"]
[EventCountry "GER"]
[SourceTitle "EXT 2008"]
[Source "ChessBase"]
[SourceDate "2007.11.25"]
[SourceVersion "1"]
[SourceVersionDate "2007.11.25"]
[SourceQuality "1"]
[WhiteTeam "Straubing"]
[BlackTeam "Freyung"]
[WhiteTeamCountry "GER"]
[BlackTeamCountry "GER"]

1. e4 c5 2. Nf3 d6 3. d4 cxd4 4. Nxd4 Nf6 5. Nc3 a6 6. Bc4 e6 7. Bb3 Be7 8. g4 h6 9. Rg1 Nc6 10. Be3 Qa5 11. Nxc6 bxc6 12. Qd2 Nd7 13. 0-0-0 Bb7 14. Kb1 Qc7 15. f4 d5 16. Bd4 Rg8 17. exd5 cxd5 18. Rg3 Bd6 19. Rf3 Bc6 20. Qe2 Kf8 21. f5 e5 22. Nxd5 Qb7 23. Bc3 Re8 24. Rff1 Nc5 25. Ne3 Bc7 26. f6 Nxb3 27. axb3 Re6 28. Qc4 gxf6 29. Nf5 Ke8 30. Nxh6 Rg6 31. Nf5 Qb5 32. h3 Qxc4 33. bxc4 Bg2 34. Rf2 Bc6 35. Bb4 e4 36. Re2 Rg8 37. Nd4 1-0

[Event "Niederbayernliga 0405"]
[Site "Germany"]
[Date "2004.??.??"]
[Round "4"]
[White "Huwa, Walter"]
[Black "Testor, Sebastian"]
[Result "1/2-1/2"]
[WhiteElo "2154"]
[BlackElo "2126"]
[PlyCount "84"]
[EventDate "2004.??.??"]
[EventType "team"]
[EventRounds "9"]
[EventCountry "GER"]
[SourceTitle "EXT 2008"]
[Source "ChessBase"]
[SourceDate "2007.11.25"]
[SourceVersion "1"]
[SourceVersionDate "2007.11.25"]
[SourceQuality "1"]
[WhiteTeam "Straubing"]
[BlackTeam "Passau II"]
[WhiteTeamCountry "GER"]
[BlackTeamCountry "GER"]

1. e4 e6 2. d3 d5 3. Nd2 Nf6 4. Ngf3 b6 5. c3 Be7 6. g3 a5 7. Be2 0-0 8. 0-0 Ba6 9. Re1 c5 10. e5 Nfd7 11. Bf1 Nc6 12. Qe2 Qc7 13. Bh3 b5 14. Nf1 b4 15. c4 Nb6 16. b3 a4 17. Bf4 Bb7 18. Ne3 dxc4 19. dxc4 Nd4 20. Nxd4 cxd4 21. Nc2 Qc6 22. f3 Rfd8 23. Rad1 axb3 24. axb3 Ra2 25. Bg2 Nd7 26. Rd2 Bc5 27. Kh1 Nf8 28. Red1 Qb6 29. Ne1 Ra3 30. Rb2 Ng6 31. Nd3 Nxf4 32. Nxf4 Rda8 33. Nd3 Ra1 34. h4 R8a3 35. Kh2 Qa7 36. Rxa1 Rxa1 37. Qd2 Qa5 38. Qe2 h6 39. Qd2 Bc6 40. Ne1 Qa8 41. Nd3 Qa5 42. Qc2 Qa7 1/2-1/2

[Event "Regionalliga SO 0203"]
[Site "Bayern"]
[Date "2003.03.30"]
[Round "9.1"]
[White "Huwa, Walter"]
[Black "Kleissl, Helmut"]
[Result "1/2-1/2"]
[WhiteElo "2184"]
[BlackElo "2217"]
[PlyCount "28"]
[EventDate "2002.10.20"]
[EventType "team"]
[EventRounds "9"]
[EventCountry "GER"]
[SourceTitle "EXT 2004"]
[Source "ChessBase"]
[SourceDate "2003.11.25"]
[SourceVersion "1"]
[SourceVersionDate "2003.11.25"]
[SourceQuality "1"]
[WhiteTeam "Straubing"]
[BlackTeam "Vogtareuth"]
[WhiteTeamCountry "GER"]
[BlackTeamCountry "GER"]

1. e4 d6 2. d4 Nf6 3. Nc3 g6 4. Nf3 Bg7 5. Be2 0-0 6. 0-0 Bg4 7. Be3 Nc6 8. Qd2 e5 9. dxe5 dxe5 10. Rad1 Qc8 11. Qc1 Rd8 12. Rxd8+ Nxd8 13. h3 Bxf3 14. Bxf3 Ne6 1/2-1/2

[Event "Regionalliga SO 0203"]
[Site "Bayern"]
[Date "2003.03.09"]
[Round "8.1"]
[White "Nikolac, Juraj"]
[Black "Huwa, Walter"]
[Result "1/2-1/2"]
[WhiteElo "2512"]
[BlackElo "2184"]
[PlyCount "22"]
[EventDate "2002.10.20"]
[EventType "team"]
[EventRounds "9"]
[EventCountry "GER"]
[SourceTitle "EXT 2004"]
[Source "ChessBase"]
[SourceDate "2003.11.25"]
[SourceVersion "1"]
[SourceVersionDate "2003.11.25"]
[SourceQuality "1"]
[WhiteTeam "Dorfen"]
[BlackTeam "Straubing"]
[WhiteTeamCountry "GER"]
[BlackTeamCountry "GER"]

1. c4 Nf6 2. Nf3 g6 3. Nc3 Bg7 4. e4 d6 5. d4 0-0 6. Be2 e5 7. d5 a5 8. 0-0 Ne8 9. Bg5 f6 10. Bh4 h5 11. h3 Bh6 1/2-1/2

[Event "Regionalliga SO 0203"]
[Site "Bayern"]
[Date "2003.01.12"]
[Round "4.1"]
[White "Huwa, Walter"]
[Black "Schmidt, Wolfgang"]
[Result "1-0"]
[WhiteElo "2184"]
[BlackElo "2301"]
[PlyCount "67"]
[EventDate "2002.10.20"]
[EventType "team"]
[EventRounds "9"]
[EventCountry "GER"]
[SourceTitle "EXT 2004"]
[Source "ChessBase"]
[SourceDate "2003.11.25"]
[SourceVersion "1"]
[SourceVersionDate "2003.11.25"]
[SourceQuality "1"]
[WhiteTeam "Straubing"]
[BlackTeam "Landshut"]
[WhiteTeamCountry "GER"]
[BlackTeamCountry "GER"]

1. e4 c6 2. d4 d5 3. Nd2 dxe4 4. Nxe4 Nf6 5. Nxf6+ gxf6 6. c3 Bf5 7. g3 Qd5 8. Nf3 Nd7 9. Bg2 Qc4 10. Nd2 Qe6+ 11. Qe2 Qxe2+ 12. Kxe2 0-0-0 13. Nb3 Nb6 14. Rd1 e6 15. Na5 Na4 16. Nc4 Bc2 17. Re1 Bg6 18. Be3 Bg7 19. Rac1 Rhe8 20. b3 Nc5 21. dxc5 Bd3+ 22. Kf3 e5 23. Nd6+ Rxd6 24. cxd6 e4+ 25. Kg4 f5+ 26. Kh3 Re6 27. g4 fxg4+ 28. Kg3 h5 29. h4 Rxd6 30. Bf4 Re6 31. Bf1 Rf6 32. Bxd3 exd3 33. Rcd1 d2 34. Re4 1-0